000 00927cam a2200301 4500
005 20260322212029.0
008 data
010 _a 72091418
020 _a087044123X
020 _a9780870441233
040 _aDLC
_cDLC
_dDLC
042 _alcac
050 0 0 _aQE862.D5
_bJ26
082 0 0 _a568/.19
092 _a568 J26 1972
100 1 _aJackson, Kathryn,
_d1907-
245 1 0 _aDinosaurs.
_cKathryn Jackson & Jay H. Matternes.
260 _a[Washington]
_bNational Geographic Society,
_cc1972.
300 _a31 p.
_bcol. illus.
_c29 cm.
440 0 _aBooks for young explorers
520 _aPictures and brief text introduce the characteristics of various dinosaurs.
650 0 _aDinosaurs
_xJuvenile literature.
650 1 _aDinosaurs.
700 1 _aMatternes, Jay H.,
_eillus.
906 _a7
_bcbc
_corignew
_d2
_eopcn
_f19
_gy-gencatlg
991 _bc-GenColl
_hQE862.D5
_iJ26
_p00050151323
_tCopy 1
_wBOOKS
001 data
999 _c657
_d657